Die schöne Frau Schmelzer (Record no. 6794)

MARC details
000 -CABECERA
campo de control de longitud fija 00593nam a2200217 a 4500
001 - NÚMERO DE CONTROL
campo de control BRCA_7113
005 - FECHA Y HORA DE LA ÚLTIMA TRANSACCIÓN
campo de control 20190321142921.0
008 - DATOS DE LONGITUD FIJA--INFORMACIÓN GENERAL
campo de control de longitud fija 291211s1919----gw-#######---#000-0#ger-#
041 ## - CÓDIGO DE LENGUA
Código de lengua del texto/banda sonora o título independiente ger
044 ## - CÓDIGO DEL PAÍS DE LA ENTIDAD EDITORA/PRODUCTORA
Código MARC del país gw
050 #4 - SIGNATURA TOPOGRÁFICA DE LA BIBLIOTECA DEL CONGRESO
Número de documento/Ítem .B85 1919
100 1# - ENTRADA PRINCIPAL--NOMBRE DE PERSONA
Nombre de persona Bulcke, Carl
9 (RLIN) 17686
245 10 - MENCIÓN DE TÍTULO
Título Die schöne Frau Schmelzer
Resto del título Novellen
Mención de responsabilidad, etc. von Carl Bulcke.
260 ## - PUBLICACIÓN, DISTRIBUCIÓN, ETC.
Lugar de publicación, distribución, etc. Berlín
Nombre del editor, distribuidor, etc. Dr. Eysler & Co. G. m. b. H.
Fecha de publicación, distribución, etc. 1919
300 ## - DESCRIPCIÓN FÍSICA
Extensión 223 p.
Dimensiones 19 cm.
500 ## - NOTA GENERAL
Nota general Estado fisíco: cubiertas y hojas desprendiéndose.
500 ## - NOTA GENERAL
Nota general O130
650 14 - PUNTO DE ACCESO ADICIONAL DE MATERIA--TÉRMINO DE MATERIA
Término de materia o nombre geográfico como elemento de entrada Literatura Alemana
9 (RLIN) 6160
902 ## - CATALOGADOR
Iniciales GFM
942 ## - ELEMENTOS DE PUNTO DE ACCESO ADICIONAL (KOHA)
Fuente del sistema de clasificación o colocación Library of Congress Classification
Tipo de ítem Koha Libros
Holdings
Estado de retiro Estado de pérdida Estado dañado No para préstamo Localización permanente Ubicación/localización actual Fecha de adquisición Número de inventario Total de préstamos Signatura topográfica completa Código de barras Fecha visto por última vez Precio válido a partir de Tipo de ítem Koha
El ejemplar forma parte de la colección y puede ser consultado según las políticas vigentes.       Biblioteca del Museo Franz Mayer (Rogerio Casas-Alatriste) Biblioteca del Museo Franz Mayer (Rogerio Casas-Alatriste) 29/12/2011 O130   .B85 1919 (O130) 7560 22/03/2019 22/03/2019 Libros